Baby Names starting with TR- Quiz Stats

 Plays Quiz not verified by Sporcle

Score 0/75 Timer 10:00
4 Plays Today
Year Name % Correct
1930Tracy
86.9%
1930Tracy
86.9%
1950Tracy
86.9%
1950Tracy
86.9%
1950Tracey
86.9%
1970Tracy
86.9%
1970Tracey
86.9%
1970Traci
86.9%
1970Tracy
86.9%
1970Tracey
86.9%
1990Tracy
86.9%
1990Traci
86.9%
1990Tracey
86.9%
1990Tracy
86.9%
1970Tracie
86.9%
1950Trevor
79.2%
1970Trevor
79.2%
1990Trevor
79.2%
1990Trever
79.2%
2010Trevor
79.2%
1950Trent
76.6%
1970Trent
76.6%
1990Trent
76.6%
2010Trent
76.6%
1930Troy
74.7%
1930Troy
74.7%
1950Troy
74.7%
1970Troy
74.7%
1990Troy
74.7%
2010Troy
74.7%
1930Travis
73.2%
1950Travis
73.2%
1970Travis
73.2%
1990Travis
73.2%
2010Travis
73.2%
1990Trey
72.7%
2010Trey
72.7%
1930Trudy
72.1%
Year Name % Correct
1930Trudie
72.1%
1950Trudy
72.1%
1950Trudi
72.1%
1950Trudie
72.1%
1970Trudy
72.1%
1950Trina
70.1%
1950Trena
70.1%
1970Trina
70.1%
1990Tristan
69.7%
2010Tristan
69.7%
2010Tristen
69.7%
2010Triston
69.7%
2010Tristin
69.7%
2010Tristian
69.7%
1990Trista
63.7%
1970Tricia
60.7%
1970Trisha
60.7%
1990Trisha
60.7%
1990Tricia
60.7%
2010Trace
57.3%
1970Trenton
56.5%
1990Trenton
56.5%
2010Trenton
56.5%
2010Trinity
53.2%
1930Truman
47.3%
1950Truman
47.3%
2010Tripp
36.3%
1930Tressa
29%
2010Trevon
20.7%
1930Treva
16.1%
1950Treva
16.1%
1930Tressie
12.8%
1930Trinidad
11%
1930Trinidad
11%
1950Trinidad
11%
1930Trula
7.5%
1930Truett
4.7%

You're not logged in!

Compare scores with friends on all Sporcle quizzes.
OR
Log In

Show Comments

Extras

Top Quizzes Today


Score Distribution

Your Account Isn't Verified!

In order to create a playlist on Sporcle, you need to verify the email address you used during registration. Go to your Sporcle Settings to finish the process.

Report this User

Report this user for behavior that violates our Community Guidelines.

Details: